000 00421pab a2200169 454500
008 180718b2012 xxu||||| |||| 00| 0 eng d
100 _aMukherjee, Nisha
245 _aGlobalization and human well being
260 _c2012
300 _ap.150-170.
362 _aMar
650 _aGlobalization
700 _aKrieckhaus, Jonathan
773 _aInternational Political Science Review
908 _aN
909 _a95963
999 _c95963
_d95963